000 00718nas a2200253 4500
001 BR4700071
003 BR-BrBNA
005 20231205081852.0
007 ta
008 230509b bl.|||p| |||| 00| 00por d
040 _aBR-BrBNA
_bpor
_cBiblioteca Nacional de Agricultura
041 _a(Pt)
072 _aE15; D50
100 1 _aSoule, L.
245 1 _aAs cooperativas na Franca e seu estatuto juridico [Legislacao]
650 _aMicroeconomia
650 _aLegislacao
650 _aCapital
650 _aCooperativa
650 _aFranca
773 0 _tBoletim Sul-Coop. Cooperativismo (Brazil)
_x
_g(Aug 1947), v. 2(8) p. 29-30
_wBR4700071
909 _a202311
_bLúcia
_c55
_dLúcia Elande
942 _2AGRIS
_n0
_cANA
999 _c87451
_d87451